Dr. Štefan Gojdič - pedagog, cer'kovnyj i spoločen'skyj dijatel' : (9. 1. 1889 - 11. 7. 1968)

Bibliographic Details
Main Author: Beskid, Gavriil (Author)
Format: Article
Language:Ukrainian
ISBN:8088769647

MARC

LEADER 00000naa a2200000uu 4500
001 vtls011046973
003 SK-MaSNL
005 20260302114900.0
008 210905|2005 xo |||||||||||||||||ukr|
015 |a SNBRA 
035 |a (urnnbn)urn:nbn:sk:snk:ar-00934b 
035 |a (uuid)eabc3d6f-6d32-4033-8007-1966bc163fee 
035 |a urn:nbn:sk:snk-aauycj 
040 |a SNKBUCL  |b slo  |c SNKBUCL  |e AACR2 
041 0 |a ukr 
044 |a xo  |c SK 
100 1 |a Beskid, Gavriil  |4 aut  |9 797510 
245 1 0 |a Dr. Štefan Gojdič - pedagog, cer'kovnyj i spoločen'skyj dijatel' :  |b (9. 1. 1889 - 11. 7. 1968)  |c Gavriil BESKID 
773 0 |t Vyznačny pro Rusyniv  |d Prjašiv : Svitovyj kongres Rusyniv, 2005  |g S. 60-61  |z 8088769647 
958 |a OND 
958 |a article12 
958 |a chapter 
999 |c 1261925  |d 1263855